مكتبة جامعة عجلون الوطنية

فهرس بحث المكتبة

Normal view MARC view
  • Mishra,Jibitesh/Mohanty,Ashok

Entry Personal Name

Number of records used in: 1

001 - CONTROL NUMBER

  • control field: 204

003 - CONTROL NUMBER IDENTIFIER

  • control field: JO-AjAnu

005 - DATE AND TIME OF LATEST TRANSACTION

  • control field: 20230606070332.0

008 - FIXED-LENGTH DATA ELEMENTS

  • fixed length control field: 230606|| aca||aabn | a|a d

040 ## - CATALOGING SOURCE

  • Original cataloging agency: JO-AjAnu
  • Transcribing agency: JO-AjAnu

100 ## - HEADING--PERSONAL NAME

  • Personal name: Mishra,Jibitesh/Mohanty,Ashok

670 ## - SOURCE DATA FOUND

  • Source citation: Work cat.: (JO-AjAnu)107: Mishra,Jibitesh/Mohanty,Ashok, author, Design of Information Systems A Modern Approach